Science Quiz

Random Science or Blitz Quiz

Multiples of 8 Blitz Quiz Stats

 Plays Quiz Updated Mar 17, 2020

Support Sporcle.
Go Orange.
Score 0/20 Timer 01:00
2 Plays Today
% Correct
8
91.5%
16
89.5%
80
88.4%
64
87.9%
48
86.7%
88
86.6%
32
86.1%
24
85.7%
40
85%
72
84.1%
% Correct
56
82.2%
96
81.9%
120
69.4%
160
69%
128
66.9%
112
65.4%
104
65.3%
144
62.5%
136
60.3%
152
53.6%

From the Vault

5 in 15: A Song of Ice and Fire Characters

by Doctor_Arzt

If we sang songs of ice and fire, would it just make a song of water?
Remove Ads.
Support Sporcle.
Get the best of Sporcle when you Go Orange. This ad-free experience offers more features, more stats, and more fun while also helping to support Sporcle. Thank you for becoming a member.

Show Comments

Extras

Top Quizzes Today


Score Distribution

Your Account Isn't Verified!

In order to create a playlist on Sporcle, you need to verify the email address you used during registration. Go to your Sporcle Settings to finish the process.

Report this User

Report this user for behavior that violates our Community Guidelines.

Details: